[Event "RA Rodgers mem."]
[Site "Ottawa CAN"]
[Date "2012.09.27"]
[Round "3"]
[White "Pacey, Kevin"]
[Black "Khachidze, Vasil"]
[Result "1/2-1/2"]
[WhiteElo "2234"]
[BlackElo "2100"]
[PlyCount "87"]
[GameId "2160767909445113"]
[EventDate "2012.09.20"]
[EventType "swiss"]
[EventRounds "7"]
[EventCountry "CAN"]

1. d4 Nf6 2. c4 e6 3. g3 d5 4. Bg2 Nbd7 5. Nf3 Bd6 6. O-O O-O 7. Nbd2 c6 8. Qc2 Re8 9. Rd1 Qe7 10. e4 dxe4 11. Ng5 e3 12. fxe3 h6 13. Nge4 Nxe4 14. Nxe4 Bc7 15. b3 Nf6 16. Bb2 Nxe4 17. Qxe4 Bd7 18. Rac1 Qg5 19. Rf1 Rad8 20. Qf3 f5 21. e4 fxe4 22. Qxe4 e5 23. d5 c5 24. Rce1 Bd6 25. Bc1 Qg4 26. Qc2 Rf8 27. Be4 Rxf1+ 28. Rxf1 Rf8 29. Rxf8+ Kxf8 30. Qf2+ Ke7 31. Qf3 Qxf3 32. Bxf3 Bf5 33. Bd1 Bc7 34. Kf2 Kd6 35. a4 a6 36. Bd2 b5 37. Ke3 Bd8 38. h4 g5 39. g4 Bb1 40. h5 b4 41. Bc1 Bf6 42. Bb2 Bh7 43. Kd2 Be4 44. Ke3 1/2-1/2

[Event "RA Rodgers mem."]
[Site "Ottawa CAN"]
[Date "2012.10.04"]
[Round "4"]
[White "Hambleton, Aman"]
[Black "Pacey, Kevin"]
[Result "1-0"]
[WhiteElo "2521"]
[BlackElo "2234"]
[PlyCount "63"]
[GameId "2160767909445114"]
[EventDate "2012.09.20"]
[EventType "swiss"]
[EventRounds "7"]
[EventCountry "CAN"]

1. d4 e6 2. c4 Nf6 3. Nc3 d5 4. cxd5 exd5 5. Bg5 Nbd7 6. e3 c6 7. Bd3 Be7 8. Qc2 Nh5 9. Bxe7 Qxe7 10. Nge2 Nhf6 11. O-O O-O 12. Rab1 a5 13. a3 Re8 14. Ng3 g6 15. Rfe1 Nf8 16. f3 Ne6 17. Qf2 Bd7 18. h3 c5 19. dxc5 Nxc5 20. Bf1 h5 21. Rbd1 Be6 22. Nge2 Red8 23. Qh4 Kg7 24. Nf4 Ng8 25. Qf2 Nf6 26. Qg3 Kf8 27. Qg5 Bf5 28. Nfxd5 Nxd5 29. Qh6+ Kg8 30. Nxd5 Qe5 31. e4 Be6 32. Ne7# 1-0

[Event "RA Rodgers mem."]
[Site "Ottawa CAN"]
[Date "2012.10.11"]
[Round "5"]
[White "Forget, David"]
[Black "Pacey, Kevin"]
[Result "1/2-1/2"]
[WhiteElo "1918"]
[BlackElo "2234"]
[PlyCount "130"]
[GameId "2160767909445115"]
[EventDate "2012.09.20"]
[EventType "swiss"]
[EventRounds "7"]
[EventCountry "CAN"]

1. d4 Nf6 2. c4 c5 3. d5 e6 4. Nc3 exd5 5. cxd5 d6 6. Nf3 g6 7. Bf4 Bg7 8. Qa4+ Bd7 9. Qb3 Qc7 10. e4 Nh5 11. Be3 O-O 12. Nd2 b5 13. Bxb5 Bxb5 14. Nxb5 Qe7 15. O-O a6 16. Nc3 Nd7 17. Nc4 Rfb8 18. Qc2 Ne5 19. Nxe5 Bxe5 20. f3 Qh4 21. f4 Nxf4 22. Bxf4 Bxf4 23. g3 Be3+ 24. Kg2 Qe7 25. Rf3 Bd4 26. Raf1 Ra7 27. b3 Qe5 28. Ne2 Re8 29. Nxd4 Qxd4 30. Rf4 Rae7 31. Qf2 Rxe4 32. Qxd4 Rxd4 33. Rxf7 Rd2+ 34. Kh3 Rxd5 35. Ra7 Rh5+ 36. Kg4 Re4+ 37. Kf3 d5 38. Rf2 Rf5+ 39. Kg2 Re6 40. Rxf5 gxf5 41. Kf2 d4 42. Rd7 Re5 43. Kf3 Re3+ 44. Kf2 Rc3 45. Rd5 Rc2+ 46. Kf3 Rxa2 47. Rxc5 Rxh2 48. Rxf5 Rb2 49. Ra5 Rxb3+ 50. Ke4 Rxg3 51. Rxa6 Re3+ 52. Kxd4 Re7 53. Ra5 Kg7 54. Re5 Rf7 55. Ke3 Kg6 56. Ke2 h5 57. Re3 Kg5 58. Rf3 Ra7 59. Kf2 Kg4 60. Rb3 h4 61. Kg2 h3+ 62. Kh2 Ra2+ 63. Kh1 Rc2 64. Rb4+ Kg3 65. Rb3+ Kg4 1/2-1/2

[Event "RA Rodgers mem."]
[Site "Ottawa CAN"]
[Date "2012.10.18"]
[Round "6"]
[White "Pacey, Kevin"]
[Black "Cova, Ramon"]
[Result "1-0"]
[WhiteElo "2234"]
[BlackElo "1875"]
[PlyCount "123"]
[GameId "2160767909445116"]
[EventDate "2012.09.20"]
[EventType "swiss"]
[EventRounds "7"]
[EventCountry "CAN"]

1. e4 Nf6 2. e5 Nd5 3. Nc3 Nxc3 4. bxc3 d6 5. f4 g6 6. d4 Bg7 7. Nf3 O-O 8. Be2 c6 9. O-O f6 10. exf6 exf6 11. Bd3 Bg4 12. Rb1 Rf7 13. Re1 f5 14. Ba3 Qd7 15. Qe2 Bxf3 16. Qe8+ Bf8 17. gxf3 b6 18. Bxd6 Qxd6 19. Bc4 Qd7 20. Bxf7+ Qxf7 21. Qc8 Qd7 22. Re8 Qxc8 23. Rxc8 Kf7 24. Re1 Bd6 25. Ree8 a5 26. Rh8 h5 27. Rh7+ Kf6 28. h4 Bxf4 29. Rf8+ Ke6 30. Rg7 Bd2 31. Rxg6+ Ke7 32. Rgg8 Bxc3 33. Rxb8 Bxd4+ 34. Kg2 Rxb8 35. Rxb8 Kd6 36. Rd8+ Kc5 37. Rf8 Kc4 38. Rxf5 Kc3 39. Rxh5 Kxc2 40. Rh6 Kb2 41. Rxc6 Kxa2 42. Rd6 Bc5 43. Rd2+ Kb1 44. h5 Bf8 45. Rd8 Bg7 46. Rd6 b5 47. Rd5 b4 48. Rxa5 b3 49. Ra7 Bf8 50. Ra8 Bh6 51. Ra6 Bf4 52. h6 b2 53. h7 Be5 54. f4 Bc3 55. Rb6 Kc2 56. Kf3 b1=Q 57. Rxb1 Kxb1 58. Kg4 Kc2 59. Kg5 Kd3 60. f5 Bh8 61. f6 Ke4 62. f7 1-0

[Event "RA Rodgers mem."]
[Site "Ottawa CAN"]
[Date "2012.10.25"]
[Round "7"]
[White "Palsson, Halldor"]
[Black "Pacey, Kevin"]
[Result "1/2-1/2"]
[WhiteElo "2021"]
[BlackElo "2207"]
[PlyCount "94"]
[GameId "2160767909445117"]
[EventDate "2012.09.20"]
[EventType "swiss"]
[EventRounds "7"]
[EventCountry "CAN"]

1. d4 Nf6 2. c4 g6 3. Nc3 d5 4. cxd5 Nxd5 5. e4 Nxc3 6. bxc3 Bg7 7. Nf3 c5 8. Rb1 O-O 9. Be2 Qa5 10. Qd2 a6 11. Rb3 cxd4 12. cxd4 Qxd2+ 13. Bxd2 b5 14. O-O Bg4 15. Be3 Nc6 16. Rd1 Na5 17. Rc3 Rfc8 18. Rdc1 Be6 19. Rxc8+ Rxc8 20. Rxc8+ Bxc8 21. Nd2 e6 22. Bd3 Kf8 23. Kf1 Ke7 24. Ke2 Bd7 25. f3 f5 26. h4 Kd6 27. Bf4+ e5 28. dxe5+ Bxe5 29. Ke3 Be6 30. Bb1 Nc6 31. Bxe5+ Kxe5 32. f4+ Kd6 33. a3 Kc5 34. Bd3 a5 35. h5 b4 36. hxg6 hxg6 37. axb4+ Nxb4 38. exf5 gxf5 39. Nb1 Nxd3 40. Kxd3 Bd5 41. Kc3 Bxg2 42. Na3 a4 43. Nc2 Bc6 44. Nd4 Bd7 45. Nc2 Kd5 46. Ne3+ Ke4 47. Nxf5 Kxf5 1/2-1/2

[Event "RA Spring Thaw"]
[Site "Ottawa CAN"]
[Date "2012.03.22"]
[Round "1"]
[White "Pacey, Kevin"]
[Black "Upper, John"]
[Result "0-1"]
[WhiteElo "2267"]
[BlackElo "2258"]
[PlyCount "46"]
[GameId "2160767909510030"]
[EventDate "2012.03.22"]
[EventType "swiss"]
[EventRounds "6"]
[EventCountry "CAN"]

1. c4 c6 2. e4 d5 3. exd5 cxd5 4. cxd5 Nf6 5. Bb5+ Nbd7 6. Nc3 g6 7. d4 a6 8. Qa4 Bg7 9. Be2 O-O 10. Bf3 b5 11. Qb3 Nb6 12. d6 Ra7 13. Bf4 exd6 14. Nge2 d5 15. Be5 Nc4 16. Bxf6 Bxf6 17. Nxd5 Bb7 18. Nxf6+ Qxf6 19. O-O-O Qg5+ 20. Kc2 Bxf3 21. gxf3 Rc7 22. Nc3 Qg2 23. Kb1 Nd2+ 0-1

[Event "RA Spring Thaw"]
[Site "Ottawa CAN"]
[Date "2012.03.29"]
[Round "2"]
[White "Kirby, Patrick"]
[Black "Pacey, Kevin"]
[Result "0-1"]
[WhiteElo "2223"]
[BlackElo "2267"]
[PlyCount "72"]
[GameId "2160767909510031"]
[EventDate "2012.03.22"]
[EventType "swiss"]
[EventRounds "6"]
[EventCountry "CAN"]

1. e4 Nc6 2. Nf3 e5 3. Bb5 a6 4. Ba4 Nf6 5. O-O Be7 6. Re1 b5 7. Bb3 O-O 8. a4 b4 9. d3 d6 10. Nbd2 Na5 11. Ba2 Be6 12. Bxe6 fxe6 13. c3 Rb8 14. Qe2 Nd7 15. d4 Qc8 16. Nc4 Nb3 17. Rb1 bxc3 18. bxc3 Nxd4 19. cxd4 Rxb1 20. Qa2 Rb8 21. Na5 Nb6 22. Nc6 Qd7 23. d5 exd5 24. exd5 Rbe8 25. a5 Nc8 26. Qc4 Bf6 27. Be3 Ne7 28. Nb4 Nf5 29. Bg5 Nd4 30. Nxd4 exd4 31. Bd2 Rxe1+ 32. Bxe1 Re8 33. Kf1 Qa4 34. Qc6 Rxe1+ 35. Kxe1 Qxb4+ 36. Kd1 Qb1+ 0-1

[Event "RA Spring Thaw"]
[Site "Ottawa CAN"]
[Date "2012.04.05"]
[Round "3"]
[White "Gordon, David"]
[Black "Pacey, Kevin"]
[Result "0-1"]
[WhiteElo "2311"]
[BlackElo "2267"]
[PlyCount "64"]
[GameId "2160767909510032"]
[EventDate "2012.03.22"]
[EventType "swiss"]
[EventRounds "6"]
[EventCountry "CAN"]

1. d4 c6 2. e4 d5 3. Nc3 dxe4 4. Nxe4 Nf6 5. Nxf6+ gxf6 6. c3 Bf5 7. Be3 e6 8. Qd2 Bd6 9. Nf3 Qc7 10. g3 Nd7 11. Bg2 O-O-O 12. Nh4 Bg4 13. f4 f5 14. O-O Be7 15. Nf3 h5 16. Ne5 Nxe5 17. fxe5 h4 18. h3 Bh5 19. g4 fxg4 20. hxg4 Bxg4 21. Rxf7 Rdg8 22. Kh2 h3 23. Bh1 Bh5 24. Rff1 Bh4 25. Rg1 Rg2+ 26. Rxg2 hxg2 27. Bxg2 Bf3 28. Bh6 Bxg2 29. Kxg2 Qh7 30. Be3 Qe4+ 31. Kf1 Qf3+ 32. Kg1 Bf2+ 0-1

[Event "RA Spring Thaw"]
[Site "Ottawa CAN"]
[Date "2012.04.12"]
[Round "4"]
[White "Upper, John"]
[Black "Pacey, Kevin"]
[Result "1-0"]
[WhiteElo "2258"]
[BlackElo "2267"]
[PlyCount "111"]
[GameId "2160767909510033"]
[EventDate "2012.03.22"]
[EventType "swiss"]
[EventRounds "6"]
[EventCountry "CAN"]

1. d4 d5 2. Bf4 g6 3. e3 Nf6 4. Nf3 Bg7 5. Be2 O-O 6. Nbd2 c5 7. c3 cxd4 8. cxd4 Nc6 9. Ne5 Nxe5 10. Bxe5 Qb6 11. Qb3 Bd7 12. Qxb6 axb6 13. Bd3 Rfc8 14. Ke2 Bf5 15. a3 Bxd3+ 16. Kxd3 Rc6 17. Bxf6 Bxf6 18. Nb1 e5 19. Nc3 exd4 20. exd4 Rc4 21. Ne2 Rac8 22. Rac1 Kf8 23. Rc3 Rxc3+ 24. Nxc3 Rc4 25. Nb5 Ke7 26. Re1+ Kd7 27. Re3 h5 28. b3 Rc6 29. Nc3 Rd6 30. Rf3 Ke6 31. Re3+ Kd7 32. h3 Kc6 33. a4 Bg5 34. Re5 Bf6 35. Re2 Bd8 36. Re8 Kd7 37. Re5 Kc6 38. b4 Bh4 39. g3 Bf6 40. b5+ Kd7 41. Rxd5 Bg7 42. Rxd6+ Kxd6 43. Kc4 f5 44. Nd5 g5 45. Nxb6 Bf6 46. Nd5 Bd8 47. b6 f4 48. gxf4 g4 49. hxg4 h4 50. Ne3 h3 51. a5 Bh4 52. Nf1 Bxf2 53. g5 Bh4 54. Kd3 Be1 55. g6 Ke7 56. a6 1-0

[Event "RA Spring Thaw"]
[Site "Ottawa CAN"]
[Date "2012.04.19"]
[Round "5"]
[White "Pacey, Kevin"]
[Black "Kirby, Patrick"]
[Result "1-0"]
[WhiteElo "2267"]
[BlackElo "2223"]
[PlyCount "107"]
[GameId "2160767909510034"]
[EventDate "2012.03.22"]
[EventType "swiss"]
[EventRounds "6"]
[EventCountry "CAN"]

1. Nf3 Nf6 2. c4 g6 3. Nc3 Bg7 4. e4 d6 5. d4 O-O 6. Be2 e5 7. Be3 Ng4 8. Bg5 f6 9. Bh4 g5 10. Bg3 Nh6 11. h4 g4 12. Nh2 f5 13. dxe5 f4 14. Bxf4 Rxf4 15. g3 Rf8 16. exd6 Qxd6 17. Qxd6 cxd6 18. Rd1 Na6 19. Rxd6 Nf7 20. Rd1 Ne5 21. O-O Be6 22. Nd5 h5 23. b3 Rf7 24. Nf4 Bd7 25. Nxh5 Bh6 26. Rd5 Re8 27. Rd6 Re6 28. Rfd1 Bf8 29. Rxe6 Bxe6 30. Nf4 Nc7 31. Nxe6 Nxe6 32. Nxg4 Nc6 33. Ne3 Bc5 34. Bg4 Ned4 35. Kg2 Kg7 36. Nf5+ Nxf5 37. Bxf5 Nb4 38. a4 a5 39. f4 Nc2 40. Rd7 Rxd7 41. Bxd7 Nd4 42. e5 Nxb3 43. h5 Bd4 44. g4 Nc5 45. Be8 Nd3 46. Kf3 Bb2 47. Ke4 Nf2+ 48. Kf5 Nd1 49. g5 Ne3+ 50. Ke6 Nxc4 51. h6+ Kh7 52. Bb5 Ne3 53. Kf7 Kh8 54. g6 1-0

[Event "RA Spring Thaw"]
[Site "Ottawa CAN"]
[Date "2012.04.26"]
[Round "6"]
[White "Pacey, Kevin"]
[Black "Gordon, David"]
[Result "0-1"]
[WhiteElo "2267"]
[BlackElo "2311"]
[PlyCount "62"]
[GameId "2160767909510035"]
[EventDate "2012.03.22"]
[EventType "swiss"]
[EventRounds "6"]
[EventCountry "CAN"]

1. Nf3 c5 2. e4 Nc6 3. c3 Nf6 4. e5 Nd5 5. d4 cxd4 6. Bc4 Nb6 7. Bb3 d6 8. cxd4 dxe5 9. d5 Na5 10. Nc3 Nxb3 11. Qxb3 e6 12. dxe6 Bxe6 13. Qb5+ Qd7 14. Nxe5 Qxb5 15. Nxb5 Bb4+ 16. Bd2 Bxd2+ 17. Kxd2 Ke7 18. Rhc1 Rad8+ 19. Ke1 Rd5 20. Rc7+ Kf6 21. f4 Rxb5 22. Rxb7 Rxb2 23. g4 g5 24. Nf3 Bd5 25. fxg5+ Kg7 26. Rxa7 Bxf3 27. Kf1 Rxh2 28. Re1 Rh1+ 29. Kf2 Rxe1 30. Kxe1 Bxg4 31. a4 Ra8 0-1

[Event "RA Summer Pickup #1"]
[Site "Ottawa CAN"]
[Date "2012.05.17"]
[Round "1"]
[White "Pacey, Kevin"]
[Black "Hambleton, Aman"]
[Result "0-1"]
[WhiteElo "2267"]
[BlackElo "2414"]
[PlyCount "98"]
[GameId "2160767909509347"]
[EventDate "2012.05.17"]
[EventType "swiss"]
[EventRounds "6"]
[EventCountry "CAN"]

1. d4 Nf6 2. c4 c5 3. Nf3 cxd4 4. Nxd4 b6 5. Nc3 Bb7 6. Bg5 d6 7. Bxf6 gxf6 8. e4 Nc6 9. Be2 e6 10. Bh5 Nxd4 11. Qxd4 Rg8 12. Ne2 Rc8 13. Ng3 Bh6 14. O-O Bf4 15. Qd3 Qc7 16. Be2 Qc5 17. Nh5 Be5 18. Rab1 f5 19. b4 Qc6 20. f3 fxe4 21. Qd2 Ke7 22. Kh1 Rg6 23. Qe3 Rcg8 24. Rg1 exf3 25. gxf3 Qa4 26. Nf4 Rxg1+ 27. Rxg1 Rxg1+ 28. Kxg1 Qxb4 29. Nd3 Qb1+ 30. Kg2 Bf6 31. a3 Qa1 32. c5 bxc5 33. Nxc5 Bd5 34. Nxe6 Bxe6 35. Qxa7+ Kf8 36. Qb8+ Kg7 37. Qxd6 Qb2 38. Qd3 Qe5 39. a4 Qg5+ 40. Kh1 Be5 41. Qd1 Qh4 42. Qg1+ Kf6 43. a5 Bxh2 44. Qxh2 Qe1+ 45. Qg1 Qxe2 46. Qd4+ Kg6 47. Qg1+ Kh6 48. Qc1+ Kh5 49. Qc5+ Kh4 0-1

[Event "RA Summer Pickup #1"]
[Site "Ottawa CAN"]
[Date "2012.05.24"]
[Round "2"]
[White "Palsson, Halldor"]
[Black "Pacey, Kevin"]
[Result "1-0"]
[WhiteElo "2002"]
[BlackElo "2267"]
[PlyCount "69"]
[GameId "2160767909509348"]
[EventDate "2012.05.17"]
[EventType "swiss"]
[EventRounds "6"]
[EventCountry "CAN"]

1. d4 d5 2. c4 c6 3. Nf3 Nf6 4. Nc3 e6 5. Bg5 h6 6. Bh4 dxc4 7. a4 Bb4 8. Qc2 b5 9. e3 Nbd7 10. Be2 g5 11. Bg3 Nd5 12. O-O Bxc3 13. bxc3 Bb7 14. axb5 cxb5 15. Rfb1 Bc6 16. h4 a5 17. hxg5 hxg5 18. e4 Nf4 19. Bxf4 gxf4 20. d5 exd5 21. exd5 Bxd5 22. Rxb5 Bc6 23. Rf5 Rg8 24. Bxc4 Rg7 25. Re1+ Kf8 26. Rxf4 Bxf3 27. Rxf3 Qg5 28. Rg3 Qc5 29. Rxg7 Kxg7 30. Qe4 Nb6 31. Bxf7 Kxf7 32. Qe6+ Kg7 33. Re5 Qxc3 34. Rg5+ Kh7 35. Qg6+ 1-0

[Event "RA Summer Pickup #1"]
[Site "Ottawa CAN"]
[Date "2012.06.07"]
[Round "4"]
[White "Pacey, Kevin"]
[Black "Doubleday, William"]
[Result "1-0"]
[WhiteElo "2267"]
[BlackElo "2090"]
[PlyCount "65"]
[GameId "2160767909509349"]
[EventDate "2012.05.17"]
[EventType "swiss"]
[EventRounds "6"]
[EventCountry "CAN"]

1. d4 d5 2. Nf3 Nf6 3. c4 c6 4. Nc3 e6 5. Bg5 dxc4 6. e4 b5 7. e5 h6 8. Bh4 g5 9. Nxg5 Nd5 10. Nxf7 Qxh4 11. Nxh8 Bb4 12. Rc1 Qe4+ 13. Qe2 Qxd4 14. Qh5+ Kd8 15. Be2 Nf4 16. Qf3 Kc7 17. Nf7 Nd3+ 18. Bxd3 cxd3 19. O-O Kb6 20. Rfd1 Bb7 21. Rxd3 Qh4 22. Nd8 Qg5 23. Rcd1 Qxe5 24. Nxb7 Kxb7 25. Nxb5 Qxb5 26. a3 a5 27. Qf7+ Kb6 28. Qxe6 Na6 29. axb4 Nxb4 30. Qe3+ Ka6 31. Rd8 Rxd8 32. Rxd8 Qb6 33. Qe2+ 1-0

[Event "RA Summer Pickup #2"]
[Site "Ottawa CAN"]
[Date "2012.06.28"]
[Round "1"]
[White "De Kerpel, Stijn"]
[Black "Pacey, Kevin"]
[Result "0-1"]
[WhiteElo "2132"]
[BlackElo "2254"]
[PlyCount "50"]
[GameId "2160767909509027"]
[EventDate "2012.06.28"]
[EventType "swiss"]
[EventRounds "6"]
[EventCountry "CAN"]

1. c4 e5 2. Nc3 Bb4 3. g3 Nf6 4. Bg2 O-O 5. Nf3 Nc6 6. O-O Bxc3 7. dxc3 d6 8. Qc2 Be6 9. b3 h6 10. Nd2 Qd7 11. Ne4 Nxe4 12. Bxe4 f5 13. Bd5 Bxd5 14. cxd5 Ne7 15. c4 Rae8 16. Ba3 e4 17. Rad1 Ng6 18. c5 f4 19. Rd4 Re5 20. Rxe4 Qf5 21. f3 fxg3 22. hxg3 Qh3 23. Rf2 Qxg3+ 24. Kf1 Rh5 25. e3 Rxf3 0-1

[Event "RA Summer Pickup #2"]
[Site "Ottawa CAN"]
[Date "2012.07.05"]
[Round "2"]
[White "Cohen, David"]
[Black "De Kerpel, Stijn"]
[Result "0-1"]
[WhiteElo "1904"]
[BlackElo "2132"]
[PlyCount "52"]
[GameId "2160767739579314"]
[EventDate "2012.06.28"]
[EventType "swiss"]
[EventRounds "6"]
[EventCountry "CAN"]
[TimeControl "5400+30"]

1. d4 d5 2. c4 Nc6 3. e3 e5 4. Nc3 dxc4 5. Nf3 Bb4 6. Bxc4 Bg4 7. Qb3 Qe7 8. Nxe5 Nxe5 9. dxe5 O-O-O 10. O-O Bxc3 11. bxc3 Qxe5 12. Rb1 b6 13. Ba6+ Kb8 14. c4 Nf6 15. Bb2 Qg5 16. f4 Qf5 17. Bd4 Nd7 18. Qa3 c5 19. Rb5 Be2 20. Bxc5 Nxc5 21. Rfb1 Kc7 22. Qb2 Rd1+ 23. Rxd1 Bxd1 24. Qxg7 Rd8 25. h3 Ba4 26. g4 Qe6 {Black wins on time} 0-1

[Event "RA Summer Pickup #2"]
[Site "Ottawa CAN"]
[Date "2012.07.05"]
[Round "2"]
[White "Pacey, Kevin"]
[Black "Qin, Zi Yi (Joey)"]
[Result "0-1"]
[WhiteElo "2254"]
[BlackElo "2390"]
[PlyCount "54"]
[GameId "2160767909509028"]
[EventDate "2012.06.28"]
[EventType "swiss"]
[EventRounds "6"]
[EventCountry "CAN"]

1. b3 e5 2. Bb2 Nc6 3. e3 g6 4. f4 Bg7 5. Nf3 d6 6. Bb5 Nge7 7. fxe5 O-O 8. d4 dxe5 9. Bxc6 Nxc6 10. d5 Ne7 11. e4 f5 12. O-O fxe4 13. Ng5 Rxf1+ 14. Qxf1 Bf5 15. Ne6 Qxd5 16. Nxg7 Kxg7 17. Nc3 Qc5+ 18. Kh1 Nc6 19. Na4 Qxc2 20. Qb5 Rd8 21. Bxe5+ Kf7 22. Nc3 Qd3 23. Qc5 Rd7 24. h4 Nxe5 25. Qxe5 Qd4 26. Qg3 e3 27. Rc1 Qd2 0-1

[Event "RA Summer Pickup #2"]
[Site "Ottawa CAN"]
[Date "2012.07.12"]
[Round "3"]
[White "Pacey, Kevin"]
[Black "Keren, Yoni"]
[Result "1-0"]
[WhiteElo "2254"]
[BlackElo "2014"]
[PlyCount "75"]
[GameId "2160767909509029"]
[EventDate "2012.06.28"]
[EventType "swiss"]
[EventRounds "6"]
[EventCountry "CAN"]

1. g3 e5 2. c4 Nc6 3. Bg2 f5 4. Nc3 Nf6 5. d3 d6 6. Nf3 g6 7. O-O Bg7 8. Rb1 a5 9. Ne1 O-O 10. Nc2 Bd7 11. Bd2 h6 12. Ne3 g5 13. Ned5 Rb8 14. a3 Ne7 15. Nxf6+ Rxf6 16. Nd5 Rf8 17. Bxa5 b6 18. Bd2 Ng6 19. b4 c6 20. Nc3 h5 21. b5 c5 22. Bd5+ Kh7 23. e4 g4 24. exf5 Bxf5 25. Ne4 Bf6 26. Qc1 Bxe4 27. Bxe4 Rh8 28. f3 Kg7 29. fxg4 hxg4 30. Rf2 Rh5 31. Qd1 Qd7 32. Qe2 Rbh8 33. Rbf1 Nf4 34. gxf4 g3 35. Rg2 exf4 36. Bxf4 Rxh2 37. Rxg3+ Kf8 38. Bg2 1-0

[Event "RA Summer Pickup #2"]
[Site "Ottawa CAN"]
[Date "2012.08.02"]
[Round "5"]
[White "Zhou, Qiyu"]
[Black "Pacey, Kevin"]
[Result "1-0"]
[WhiteElo "2017"]
[BlackElo "2254"]
[PlyCount "79"]
[GameId "2160767909509030"]
[EventDate "2012.06.28"]
[EventType "swiss"]
[EventRounds "6"]
[EventCountry "CAN"]

1. e4 d6 2. d4 Nf6 3. Nc3 g6 4. Be3 c6 5. f3 Nbd7 6. Qd2 Qa5 7. O-O-O b5 8. Kb1 b4 9. Nce2 Ba6 10. g4 Nb6 11. Ng3 Bxf1 12. Nxf1 Nc4 13. Qd3 d5 14. Nd2 Nxe3 15. Qxe3 Bg7 16. Ne2 O-O 17. h4 dxe4 18. g5 Nd5 19. Qxe4 Nc3+ 20. bxc3 bxc3 21. Nb3 Qa3 22. Nxc3 a5 23. Qxc6 Rfc8 24. Qa4 Qd6 25. Rd3 Qe6 26. Kc1 Rc4 27. Qb5 Rac8 28. Nc5 R8xc5 29. Qe8+ Bf8 30. dxc5 Qe5 31. Rhd1 Qxc5 32. Qb5 Qc7 33. Qb3 h5 34. Nd5 Qc5 35. Rc3 Rxc3 36. Qxc3 Qf2 37. Qe3 Qxh4 38. Nxe7+ Kh7 39. Nd5 Bg7 40. Qf4 1-0

[Event "RA Summer Pickup #3"]
[Site "Ottawa CAN"]
[Date "2012.08.09"]
[Round "1"]
[White "Zhang, Jeannie"]
[Black "Pacey, Kevin"]
[Result "0-1"]
[WhiteElo "1450"]
[BlackElo "2244"]
[PlyCount "82"]
[GameId "2160767909441552"]
[EventDate "2012.08.09"]
[EventType "swiss"]
[EventRounds "6"]
[EventCountry "CAN"]

1. e4 e5 2. Nf3 Nc6 3. Bc4 Nf6 4. Ng5 d5 5. exd5 Na5 6. Bb5+ c6 7. dxc6 bxc6 8. Qf3 Rb8 9. Bd3 h6 10. Ne4 Nd5 11. Nbc3 Nb4 12. b3 Nxd3+ 13. cxd3 Be7 14. Bb2 O-O 15. O-O Ba6 16. Rfe1 Bxd3 17. Ng3 Bf6 18. Nce4 Bxe4 19. Nxe4 Re8 20. Nxf6+ Qxf6 21. Qxf6 gxf6 22. d4 e4 23. Rad1 Rbd8 24. Ba3 f5 25. Bc5 Rd7 26. f3 a6 27. fxe4 fxe4 28. Re3 Nb7 29. Rde1 Nxc5 30. dxc5 Rd4 31. Kf2 f5 32. h3 f4 33. R3e2 Kf7 34. g3 f3 35. Re3 Re6 36. g4 Rd2+ 37. Kf1 f2 38. R1e2 Rxe2 39. Kxe2 Rf6 40. Kf1 Rf4 41. Rc3 Ke6 0-1

[Event "RA Summer Pickup #3"]
[Site "Ottawa CAN"]
[Date "2012.08.09"]
[Round "2"]
[White "Pacey, Kevin"]
[Black "Kuttner, Amos"]
[Result "1-0"]
[WhiteElo "2244"]
[BlackElo "1813"]
[PlyCount "111"]
[GameId "2160767909441553"]
[EventDate "2012.08.09"]
[EventType "swiss"]
[EventRounds "6"]
[EventCountry "CAN"]

1. f4 Nf6 2. Nf3 d5 3. g3 b6 4. Bg2 Bb7 5. d3 Nbd7 6. O-O e6 7. c3 Bc5+ 8. e3 Rb8 9. a4 a5 10. Na3 Ba6 11. Nc2 O-O 12. b4 Bd6 13. Nfd4 Bb7 14. b5 Nc5 15. Nc6 Bxc6 16. bxc6 Nb3 17. Rb1 Nxc1 18. Qxc1 Qe8 19. Nd4 e5 20. Nf5 Rd8 21. c4 exf4 22. gxf4 Qxc6 23. cxd5 Qxc1 24. Rfxc1 Bc5 25. d4 Ba3 26. Rc3 Bd6 27. Nxd6 Rxd6 28. Rxc7 Nxd5 29. Bxd5 Rxd5 30. Rxb6 g6 31. Rbc6 Re8 32. Rc8 Rxc8 33. Rxc8+ Kg7 34. Kf2 Kf6 35. Kf3 Rh5 36. Kg3 g5 37. Rc6+ Ke7 38. f5 Rh4 39. f6+ Kd7 40. Rc5 Re4 41. Kf3 Re6 42. Rxg5 Rxf6+ 43. Ke4 Re6+ 44. Re5 Rh6 45. Rxa5 Rxh2 46. Ra7+ Ke6 47. Ra6+ Ke7 48. a5 Rh4+ 49. Kf3 Rh3+ 50. Kf4 h5 51. Rh6 f6 52. a6 Rh4+ 53. Kg3 Re4 54. Kf3 Re6 55. a7 Ra6 56. Rxh5 1-0

[Event "RA Winter Active"]
[Site "Ottawa CAN"]
[Date "2012.03.08"]
[Round "1"]
[White "Ritchie, Gordon"]
[Black "Pacey, Kevin"]
[Result "0-1"]
[WhiteElo "1761"]
[BlackElo "2272"]
[PlyCount "72"]
[GameId "2160767909576079"]
[EventDate "2012.03.08"]
[EventType "swiss (rapid)"]
[EventRounds "4"]
[EventCountry "CAN"]

1. d4 Nf6 2. Bg5 c5 3. dxc5 Qa5+ 4. Nc3 Qxc5 5. Nf3 e6 6. Bxf6 gxf6 7. e4 a6 8. Qd4 Nc6 9. Qxc5 Bxc5 10. Na4 Bb4+ 11. c3 Ba5 12. O-O-O b5 13. Nc5 Bb6 14. Nd3 Rg8 15. Rd2 Bb7 16. b4 Rc8 17. Nc5 Bxc5 18. bxc5 Na5 19. Ne1 Bxe4 20. f3 Bg6 21. Nd3 Bxd3 22. Bxd3 h6 23. Kc2 Rxc5 24. a4 b4 25. Bxa6 Rxc3+ 26. Kd1 Nb3 27. Rc2 Nc5 28. Bb5 Rxc2 29. Kxc2 Rxg2+ 30. Kb1 Kd8 31. Rc1 d6 32. a5 Kc7 33. Rc4 b3 34. h4 Kb7 35. Rb4 Ka7 36. Be8 Rg1+ 0-1

[Event "RA Winter Active"]
[Site "Ottawa CAN"]
[Date "2012.03.08"]
[Round "2"]
[White "Pacey, Kevin"]
[Black "Kalra, Agastya"]
[Result "1-0"]
[WhiteElo "2272"]
[BlackElo "1968"]
[PlyCount "37"]
[GameId "2160767909576080"]
[EventDate "2012.03.08"]
[EventType "swiss (rapid)"]
[EventRounds "4"]
[EventCountry "CAN"]

1. d4 f5 2. Nc3 Nf6 3. Bg5 Nc6 4. e3 g6 5. Bxf6 exf6 6. h3 d5 7. g4 Bb4 8. Bd3 Ne7 9. Qf3 c6 10. Nge2 Qc7 11. Ng3 Qa5 12. gxf5 Bxc3+ 13. bxc3 Qxc3+ 14. Ke2 g5 15. Qh5+ Kf8 16. Qh6+ Kf7 17. Nh5 Rf8 18. Qxf6+ Ke8 19. Ng7+ 1-0

[Event "RA Winter Active"]
[Site "Ottawa CAN"]
[Date "2012.03.15"]
[Round "3"]
[White "Keren, Yoni"]
[Black "Pacey, Kevin"]
[Result "0-1"]
[WhiteElo "2000"]
[BlackElo "2272"]
[PlyCount "58"]
[GameId "2160767909576081"]
[EventDate "2012.03.08"]
[EventType "swiss (rapid)"]
[EventRounds "4"]
[EventCountry "CAN"]

1. e4 c6 2. d4 d5 3. f3 e6 4. Nc3 Nf6 5. e5 Nfd7 6. f4 c5 7. Be3 Nc6 8. Nf3 cxd4 9. Nxd4 Bc5 10. Qd2 a6 11. O-O-O O-O 12. h4 Nxd4 13. Bxd4 b5 14. h5 Qb6 15. Ne2 Bb7 16. g4 f6 17. h6 g6 18. f5 Nxe5 19. Bxc5 Qxc5 20. Nd4 Rfc8 21. Nxe6 Qb6 22. Nd4 g5 23. Be2 b4 24. Kb1 a5 25. Nf3 Nf7 26. Qd4 Qxd4 27. Rxd4 Re8 28. Bb5 Re3 29. Nd2 Nxh6 0-1

[Event "RA Winter Active"]
[Site "Ottawa CAN"]
[Date "2012.03.15"]
[Round "4"]
[White "Pacey, Kevin"]
[Black "Palsson, Halldor"]
[Result "1-0"]
[WhiteElo "2272"]
[BlackElo "2040"]
[PlyCount "47"]
[GameId "2160767909576082"]
[EventDate "2012.03.08"]
[EventType "swiss (rapid)"]
[EventRounds "4"]
[EventCountry "CAN"]

1. d4 f5 2. Bg5 d5 3. e3 Nf6 4. Bxf6 exf6 5. c4 Bb4+ 6. Nc3 Bxc3+ 7. bxc3 O-O 8. Qb3 dxc4 9. Bxc4+ Kh8 10. Ne2 Nc6 11. Bb5 Na5 12. Qa4 c6 13. Bd3 b5 14. Qc2 g6 15. h4 Kg7 16. Nf4 Nc4 17. Bxc4 bxc4 18. Rb1 g5 19. hxg5 fxg5 20. Rb7+ Kg8 21. Rbxh7 gxf4 22. Qe2 Qa5 23. Rh8+ Kf7 24. R1h7+ 1-0